| 000 | 00934nam 22002533 4500 | ||
|---|---|---|---|
| 001 | 32650 | ||
| 010 | _a2-905461-55-1 | ||
| 090 | _a32650 | ||
| 100 | _a20260327d1989 u||y0engy50 ba | ||
| 101 | _aeng | ||
| 102 | _aFR | ||
| 200 |
_aLa seiche the cuttlefish _fEve Boucaud-Camou _gUniversité de Caen |
||
| 210 |
_aFrança _ccentre de Publications de l'Université de Caen _d1991 |
||
| 215 |
_a358 p. _cil. _d25 cm |
||
| 606 |
_aBiologie _xsciences de la vie |
||
| 700 |
_aBoucaud-Camou _bEve |
||
| 701 |
_a Boulet _bPaul |
||
| 702 | _bBoletzky | ||
| 710 | _aInstitut de biochimie et de biologie appliquée Université de Caen | ||
| 711 | _aMinistère de la recherche et de la technologie | ||
| 712 | _aInstitut francais pour la recherce et l'Exploitation de la mer (SMEL) | ||
| 712 | _aMinistère Géneral du Calvados | ||
| 712 | _aVille de CAEN | ||
| 712 | _aCrédit Maritime | ||